|
|
|
|
| LEADER |
00000cam a22000004a 4500 |
| 001 |
musev2_3437 |
| 003 |
MdBmJHUP |
| 005 |
20230905040430.0 |
| 006 |
m o d |
| 007 |
cr||||||||nn|n |
| 008 |
080814s2009 mdu o 00 0 eng d |
| 010 |
|
|
|z 2008035750
|
| 020 |
|
|
|a 9781421428185
|
| 020 |
|
|
|z 9780801897832
|
| 020 |
|
|
|z 9780801891717
|
| 035 |
|
|
|a (OCoLC)593232024
|
| 040 |
|
|
|a MdBmJHUP
|c MdBmJHUP
|
| 043 |
|
|
|a e-it---
|
| 050 |
0 |
4 |
|a LF3893.M36
|b G74 2009
|
| 100 |
1 |
|
|a Grendler, Paul F.
|
| 245 |
1 |
4 |
|a The University of Mantua, the Gonzaga, and the Jesuits, 1584-1630 /
|c Paul F. Grendler.
|
| 264 |
|
1 |
|a Baltimore :
|b Johns Hopkins University Press,
|c 2009.
|
| 264 |
|
3 |
|a Baltimore, Md. :
|b Project MUSE,
|c 2012
|
| 264 |
|
4 |
|c ©2009.
|
| 300 |
|
|
|a 1 online resource (312 pages):
|b ill., maps ;
|
| 336 |
|
|
|a text
|b txt
|2 rdacontent
|
| 337 |
|
|
|a computer
|b c
|2 rdamedia
|
| 338 |
|
|
|a online resource
|b cr
|2 rdacarrier
|
| 504 |
|
|
|a Includes bibliographical references and index.
|
| 506 |
0 |
|
|a Open Access
|f Unrestricted online access
|2 star
|
| 588 |
|
|
|a Description based on print version record.
|
| 610 |
2 |
0 |
|a Jesuits
|x Education (Higher)
|z Italy
|x History
|y 16th century.
|
| 610 |
2 |
0 |
|a Jesuits
|x Education (Higher)
|z Italy
|x History
|y 17th century.
|
| 610 |
2 |
0 |
|a Pacifico ginnasio mantovano.
|
| 600 |
3 |
0 |
|a Gonzaga family.
|
| 655 |
|
7 |
|a Electronic books.
|2 local
|
| 710 |
2 |
|
|a Project Muse.
|e distributor
|
| 830 |
|
0 |
|a Book collections on Project MUSE.
|
| 856 |
4 |
0 |
|z Texto completo
|u https://projectmuse.uam.elogim.com/book/3437/
|
| 945 |
|
|
|a Project MUSE - Archive Complete Foundation
|
| 945 |
|
|
|a Project MUSE - Archive History Foundation
|